<?xml version="1.0" encoding="UTF-8"?>
<record
    xmlns:xsi="http://www.w3.org/2001/XMLSchema-instance"
    xsi:schemaLocation="http://www.loc.gov/MARC21/slim http://www.loc.gov/standards/marcxml/schema/MARC21slim.xsd"
    xmlns="http://www.loc.gov/MARC21/slim">

  <leader>00366nam a22001457a 4500</leader>
  <controlfield tag="005">20230301094932.0</controlfield>
  <controlfield tag="008">230301b        |||||||| |||| 00| 0 eng d</controlfield>
  <datafield tag="040" ind1=" " ind2=" ">
    <subfield code="c">##$aRTC$cRTC</subfield>
  </datafield>
  <datafield tag="082" ind1=" " ind2=" ">
    <subfield code="a">362.198</subfield>
  </datafield>
  <datafield tag="100" ind1=" " ind2=" ">
    <subfield code="a">UNICEF</subfield>
  </datafield>
  <datafield tag="245" ind1=" " ind2=" ">
    <subfield code="a">Bhutan Every Newborn Action Plan (2016-2023)</subfield>
  </datafield>
  <datafield tag="260" ind1=" " ind2=" ">
    <subfield code="b">Unicef Bhutan,</subfield>
    <subfield code="c">2017</subfield>
  </datafield>
  <datafield tag="300" ind1=" " ind2=" ">
    <subfield code="a">64 p.</subfield>
    <subfield code="c">30 cm</subfield>
  </datafield>
  <datafield tag="942" ind1=" " ind2=" ">
    <subfield code="2">ddc</subfield>
    <subfield code="c">BINDER</subfield>
  </datafield>
  <datafield tag="999" ind1=" " ind2=" ">
    <subfield code="c">9387</subfield>
    <subfield code="d">9388</subfield>
  </datafield>
  <datafield tag="952" ind1=" " ind2=" ">
    <subfield code="0">0</subfield>
    <subfield code="1">0</subfield>
    <subfield code="2">ddc</subfield>
    <subfield code="4">0</subfield>
    <subfield code="7">0</subfield>
    <subfield code="8">Binding</subfield>
    <subfield code="a">GELEPHU</subfield>
    <subfield code="b">GELEPHU</subfield>
    <subfield code="c">MAIN</subfield>
    <subfield code="d">2023-03-01</subfield>
    <subfield code="h">177178</subfield>
    <subfield code="o">362.198 UNI c.1</subfield>
    <subfield code="p">30018613</subfield>
    <subfield code="r">2023-03-01 00:00:00</subfield>
    <subfield code="w">2023-03-01</subfield>
    <subfield code="y">BINDER</subfield>
  </datafield>
  <datafield tag="952" ind1=" " ind2=" ">
    <subfield code="0">0</subfield>
    <subfield code="1">0</subfield>
    <subfield code="2">ddc</subfield>
    <subfield code="4">0</subfield>
    <subfield code="7">0</subfield>
    <subfield code="8">Binding</subfield>
    <subfield code="a">GELEPHU</subfield>
    <subfield code="b">GELEPHU</subfield>
    <subfield code="c">MAIN</subfield>
    <subfield code="d">2023-03-01</subfield>
    <subfield code="h">177179</subfield>
    <subfield code="o">362.198 UNI c.2</subfield>
    <subfield code="p">30018593</subfield>
    <subfield code="r">2023-03-01 00:00:00</subfield>
    <subfield code="w">2023-03-01</subfield>
    <subfield code="y">BINDER</subfield>
  </datafield>
  <datafield tag="952" ind1=" " ind2=" ">
    <subfield code="0">0</subfield>
    <subfield code="1">0</subfield>
    <subfield code="2">ddc</subfield>
    <subfield code="4">0</subfield>
    <subfield code="7">0</subfield>
    <subfield code="8">Binding</subfield>
    <subfield code="a">GELEPHU</subfield>
    <subfield code="b">GELEPHU</subfield>
    <subfield code="c">MAIN</subfield>
    <subfield code="d">2023-03-01</subfield>
    <subfield code="h">177180</subfield>
    <subfield code="o">362.198 UNI c.3</subfield>
    <subfield code="p">30018612</subfield>
    <subfield code="r">2023-03-01 00:00:00</subfield>
    <subfield code="w">2023-03-01</subfield>
    <subfield code="y">BINDER</subfield>
  </datafield>
  <datafield tag="952" ind1=" " ind2=" ">
    <subfield code="0">0</subfield>
    <subfield code="1">0</subfield>
    <subfield code="2">ddc</subfield>
    <subfield code="4">0</subfield>
    <subfield code="7">0</subfield>
    <subfield code="8">Binding</subfield>
    <subfield code="a">GELEPHU</subfield>
    <subfield code="b">GELEPHU</subfield>
    <subfield code="c">MAIN</subfield>
    <subfield code="d">2023-03-01</subfield>
    <subfield code="h">177181</subfield>
    <subfield code="o">362.198 UNI c.4</subfield>
    <subfield code="p">30018592</subfield>
    <subfield code="r">2023-03-01 00:00:00</subfield>
    <subfield code="w">2023-03-01</subfield>
    <subfield code="y">BINDER</subfield>
  </datafield>
  <datafield tag="952" ind1=" " ind2=" ">
    <subfield code="0">0</subfield>
    <subfield code="1">0</subfield>
    <subfield code="2">ddc</subfield>
    <subfield code="4">0</subfield>
    <subfield code="7">0</subfield>
    <subfield code="8">Binding</subfield>
    <subfield code="a">GELEPHU</subfield>
    <subfield code="b">GELEPHU</subfield>
    <subfield code="c">MAIN</subfield>
    <subfield code="d">2023-03-01</subfield>
    <subfield code="h">177182</subfield>
    <subfield code="o">362.198 UNI c.5</subfield>
    <subfield code="p">30018609</subfield>
    <subfield code="r">2023-03-01 00:00:00</subfield>
    <subfield code="w">2023-03-01</subfield>
    <subfield code="y">BINDER</subfield>
  </datafield>
  <datafield tag="952" ind1=" " ind2=" ">
    <subfield code="0">0</subfield>
    <subfield code="1">0</subfield>
    <subfield code="2">ddc</subfield>
    <subfield code="4">0</subfield>
    <subfield code="7">0</subfield>
    <subfield code="8">Binding</subfield>
    <subfield code="a">GELEPHU</subfield>
    <subfield code="b">GELEPHU</subfield>
    <subfield code="c">MAIN</subfield>
    <subfield code="d">2023-03-01</subfield>
    <subfield code="h">177183</subfield>
    <subfield code="o">362.198 UNI c.6</subfield>
    <subfield code="p">30018707</subfield>
    <subfield code="r">2023-03-01 00:00:00</subfield>
    <subfield code="w">2023-03-01</subfield>
    <subfield code="y">BINDER</subfield>
  </datafield>
  <datafield tag="952" ind1=" " ind2=" ">
    <subfield code="0">0</subfield>
    <subfield code="1">0</subfield>
    <subfield code="2">ddc</subfield>
    <subfield code="4">0</subfield>
    <subfield code="7">0</subfield>
    <subfield code="8">Binding</subfield>
    <subfield code="a">GELEPHU</subfield>
    <subfield code="b">GELEPHU</subfield>
    <subfield code="c">MAIN</subfield>
    <subfield code="d">2023-03-01</subfield>
    <subfield code="h">177184</subfield>
    <subfield code="o">362.198 UNI c.7</subfield>
    <subfield code="p">30018727</subfield>
    <subfield code="r">2023-03-01 00:00:00</subfield>
    <subfield code="w">2023-03-01</subfield>
    <subfield code="y">BINDER</subfield>
  </datafield>
  <datafield tag="952" ind1=" " ind2=" ">
    <subfield code="0">0</subfield>
    <subfield code="1">0</subfield>
    <subfield code="2">ddc</subfield>
    <subfield code="4">0</subfield>
    <subfield code="7">0</subfield>
    <subfield code="8">Binding</subfield>
    <subfield code="a">GELEPHU</subfield>
    <subfield code="b">GELEPHU</subfield>
    <subfield code="c">MAIN</subfield>
    <subfield code="d">2023-03-01</subfield>
    <subfield code="h">177185</subfield>
    <subfield code="o">362.198 UNI c.8</subfield>
    <subfield code="p">30018523</subfield>
    <subfield code="r">2023-03-01 00:00:00</subfield>
    <subfield code="w">2023-03-01</subfield>
    <subfield code="y">BINDER</subfield>
  </datafield>
  <datafield tag="952" ind1=" " ind2=" ">
    <subfield code="0">0</subfield>
    <subfield code="1">0</subfield>
    <subfield code="2">ddc</subfield>
    <subfield code="4">0</subfield>
    <subfield code="7">0</subfield>
    <subfield code="8">Binding</subfield>
    <subfield code="a">GELEPHU</subfield>
    <subfield code="b">GELEPHU</subfield>
    <subfield code="c">MAIN</subfield>
    <subfield code="d">2023-03-01</subfield>
    <subfield code="h">177186</subfield>
    <subfield code="o">362.198 UNI c.9</subfield>
    <subfield code="p">30018039</subfield>
    <subfield code="r">2023-03-01 00:00:00</subfield>
    <subfield code="w">2023-03-01</subfield>
    <subfield code="y">BINDER</subfield>
  </datafield>
  <datafield tag="952" ind1=" " ind2=" ">
    <subfield code="0">0</subfield>
    <subfield code="1">0</subfield>
    <subfield code="2">ddc</subfield>
    <subfield code="4">0</subfield>
    <subfield code="7">0</subfield>
    <subfield code="8">Binding</subfield>
    <subfield code="a">GELEPHU</subfield>
    <subfield code="b">GELEPHU</subfield>
    <subfield code="c">MAIN</subfield>
    <subfield code="d">2023-03-01</subfield>
    <subfield code="h">177187</subfield>
    <subfield code="o">362.198 UNI c.10</subfield>
    <subfield code="p">30018607</subfield>
    <subfield code="r">2023-03-01 00:00:00</subfield>
    <subfield code="w">2023-03-01</subfield>
    <subfield code="y">BINDER</subfield>
  </datafield>
</record>
